[Event "Deutsche Ländermeisterschaft 2003"]
[Site "Kassel GER"]
[Date "2003.10.22"]
[Round "6"]
[White "Eckoldt, Katja"]
[Black "Zikeli, Julia"]
[Result "0-1"]
[Termination "normal"]
[Board "3.8"]
[WhiteElo "1206"]
[BlackElo "1466"]
[WhiteTeam "Thüringen"]
[BlackTeam "Württemberg"]
[PlyCount "142"]
[BlackFideId "24622753"]
[EventCountry "GER"]
[EventRounds "7"]
[EventType "team-swiss"]
[EventDate "2003.10.18"]

1. e4 e6 2. d4 d5 3. exd5 exd5 4. Bd3 Nf6 5. Nf3 Bd6 6. O-O O-O 7. Bg5 Be6 8.
c3 Nbd7 9. Nbd2 Re8 10. Re1 h6 11. Bh4 c6 12. Qc2 Nf8 13. Re2 Be7 14. Rae1 Nh5
15. Bxe7 Qxe7 16. b3 Nf4 17. Re3 Nxd3 18. Qxd3 Ng6 19. Qc2 Qd6 20. c4 dxc4 21.
bxc4 Re7 22. g3 Rae8 23. Qc3 Bf5 24. Rxe7 Rxe7 25. Rxe7 Qxe7 26. Kg2 Qd7 27.
Qe3 Qe6 28. Qxe6 Bxe6 29. Ne1 Ne7 30. Nc2 Nf5 31. f4 Nd6 32. Ne3 b5 33. cxb5
Nxb5 34. Nb3 Bxb3 35. axb3 Nxd4 36. b4 Kf8 37. Kf2 Ke7 38. h4 Kd6 39. Ke1 c5
40. bxc5+ Kxc5 41. Kd2 a5 42. Kc1 a4 43. Kb2 g6 44. Ka3 Kb5 45. Ng4 Nf5 46. Ne5
Nxg3 47. Nxf7 Nf5 48. Nh8 Nxh4 49. Nf7 Ng2 50. Nxh6 Nxf4 51. Ng4 Nd5 52. Ne5 g5
53. Ng4 Nb6 54. Nf6 Nc4+ 55. Ka2 Ne3 56. Ka3 g4 57. Ne4 Nf5 58. Nc3+ Kc4 59.
Ne2 Nd4 60. Nf4 Kb5 61. Nh5 Nc2+ 62. Kb2 Ne3 63. Ka3 Nc4+ 64. Ka2 a3 65. Kb3
Kc5 66. Ng3 Kd4 67. Ne2+ Ke3 68. Ng3 Kf3 69. Nh5 g3 70. Nxg3 Kxg3 71. Ka2 Kf3
0-1

[Event "Deutsche Ländermeisterschaft 2003"]
[Site "Kassel GER"]
[Date "2003.10.22"]
[Round "6"]
[White "Zimmermann, Hendrik"]
[Black "Korotkevych, Stanislav"]
[Result "1/2-1/2"]
[Termination "normal"]
[Board "4.1"]
[WhiteElo "2115"]
[BlackElo "2320"]
[WhiteTeam "Hessen 3"]
[BlackTeam "Nordrhein-Westfalen"]
[PlyCount "73"]
[WhiteFideId "4686225"]
[BlackFideId "14107309"]
[EventCountry "GER"]
[EventRounds "7"]
[EventType "team-swiss"]
[EventDate "2003.10.18"]

1. d4 Nf6 2. c4 g6 3. g3 Bg7 4. Bg2 O-O 5. Nf3 d6 6. O-O Nbd7 7. Nc3 e5 8. e4
h6 9. h3 Nh7 10. b3 Ng5 11. dxe5 Nxf3+ 12. Qxf3 Nxe5 13. Qe3 c6 14. f4 Nd7 15.
Bb2 Qe7 16. Rad1 Nc5 17. Qd2 f5 18. Rfe1 Qf7 19. exf5 Bxf5 20. Qxd6 Ne6 21. Qd7
h5 22. Qxf7+ Rxf7 23. Na4 Bxb2 24. Nxb2 g5 25. fxg5 Nxg5 26. Re5 Nxh3+ 27. Bxh3
Bxh3 28. Rxh5 Bf5 29. Rf1 Bg6 30. Rxf7 Kxf7 31. Re5 Rd8 32. Kf2 Kf6 33. Re2 Bh5
34. Rc2 Bg6 35. Re2 Bh5 36. Rc2 Bg6 37. Re2 1/2-1/2

[Event "Deutsche Ländermeisterschaft 2003"]
[Site "Kassel GER"]
[Date "2003.10.22"]
[Round "6"]
[White "Fiebig, Thomas"]
[Black "Dec, Paul"]
[Result "1/2-1/2"]
[Termination "normal"]
[Board "4.2"]
[WhiteElo "2262"]
[BlackElo "2071"]
[WhiteTeam "Nordrhein-Westfalen"]
[BlackTeam "Hessen 3"]
[PlyCount "152"]
[WhiteFideId "4693922"]
[BlackFideId "4676858"]
[EventCountry "GER"]
[EventRounds "7"]
[EventType "team-swiss"]
[EventDate "2003.10.18"]

1. e4 d6 2. d4 Nf6 3. Nc3 g6 4. Bc4 Bg7 5. Qe2 c6 6. e5 dxe5 7. dxe5 Nd5 8.
Bxd5 cxd5 9. Bf4 a6 10. O-O-O e6 11. Ne4 O-O 12. Bg5 Qa5 13. Nf6+ Kh8 14. Kb1
Nd7 15. Qe3 d4 16. Qh3 Nxf6 17. exf6 Qxg5 18. fxg7+ Kxg7 19. Nf3 Qc5 20. Qg3 b5
21. Nxd4 Bb7 22. f3 Rfd8 23. Nb3 Qf5 24. Qh4 Bd5 25. Rhe1 Rac8 26. Nd4 Qf6 27.
Qf2 Rc4 28. Nb3 Be4 29. Rc1 Rdc8 30. Re2 Bd5 31. Rd2 a5 32. Nd4 a4 33. Nxb5 Rb4
34. Nd4 e5 35. Ne2 e4 36. c3 Rb5 37. Qd4 exf3 38. Qxf6+ Kxf6 39. gxf3 Bxf3 40.
Nd4 Be4+ 41. Ka1 Rbc5 42. Re1 Ke5 43. Nf3+ Kf4 44. Rd4 f5 45. Nd2 a3 46. Nxe4
axb2+ 47. Kxb2 fxe4 48. Rdxe4+ Kf5 49. R4e3 Rb8+ 50. Kc2 Ra5 51. Rf1+ Kg5 52.
Rg3+ Kh6 53. Ra1 Rba8 54. Kb3 Ra3+ 55. Kb2 g5 56. c4 R3a5 57. Rc3 Kg6 58. c5
Rb8+ 59. Kc2 Rc8 60. a4 Rcxc5 61. Rxc5 Rxc5+ 62. Kb3 h5 63. a5 Kf5 64. a6 Rc8
65. Kb4 Kg4 66. Ra5 h4 67. Kb5 Kf4 68. h3 g4 69. Ra4+ Kg3 70. Ra3+ Kf4 71. Ra4+
Kg3 72. hxg4 h3 73. g5 Rg8 74. Ra3+ Kg2 75. a7 Rxg5+ 76. Kb6 Rg8 1/2-1/2

[Event "Deutsche Ländermeisterschaft 2003"]
[Site "Kassel GER"]
[Date "2003.10.22"]
[Round "6"]
[White "Rubel, Julian"]
[Black "Rehberg, Raphael"]
[Result "1/2-1/2"]
[Termination "normal"]
[Board "4.3"]
[WhiteElo "2136"]
[BlackElo "2042"]
[WhiteTeam "Hessen 3"]
[BlackTeam "Nordrhein-Westfalen"]
[PlyCount "94"]
[WhiteFideId "24605980"]
[BlackFideId "4686799"]
[EventCountry "GER"]
[EventRounds "7"]
[EventType "team-swiss"]
[EventDate "2003.10.18"]

1. d4 d5 2. c4 c6 3. Nf3 e6 4. Nc3 Nf6 5. e3 Nbd7 6. Qc2 Bd6 7. Be2 O-O 8. O-O
Qe7 9. e4 Nxe4 10. Nxe4 dxe4 11. Qxe4 e5 12. Re1 f5 13. Qc2 e4 14. Nd2 Nf6 15.
g3 Bd7 16. Bf1 Rae8 17. Bg2 Qf7 18. Nf1 Qg6 19. Bd2 Kh8 20. Rad1 f4 21. Qc3 Bg4
22. f3 Bh5 23. Ra1 fxg3 24. hxg3 exf3 25. Bxf3 Bxg3 26. Nxg3 Qxg3+ 27. Bg2 Qg6
28. Qa3 Nd7 29. Rf1 c5 30. Rxf8+ Rxf8 31. Rf1 Rxf1+ 32. Kxf1 Qf6+ 33. Kg1 Qxd4+
34. Be3 Qd1+ 35. Kh2 Qd6+ 36. Kg1 Qd1+ 37. Kh2 Nf6 38. Qxc5 Qe2 39. Bd4 Qe8 40.
Bxf6 gxf6 41. Bxb7 Qb8+ 42. Kg1 Qg3+ 43. Bg2 Qe1+ 44. Kh2 Qh4+ 45. Kg1 Qe1+ 46.
Kh2 Qh4+ 47. Kg1 Qe1+ 1/2-1/2

[Event "Deutsche Ländermeisterschaft 2003"]
[Site "Kassel GER"]
[Date "2003.10.22"]
[Round "6"]
[White "Zhang, Fan"]
[Black "Knickel, Aaron"]
[Result "1-0"]
[Termination "normal"]
[Board "4.4"]
[WhiteElo "1752"]
[BlackElo "1765"]
[WhiteTeam "Nordrhein-Westfalen"]
[BlackTeam "Hessen 3"]
[PlyCount "83"]
[WhiteFideId "24609730"]
[BlackFideId "24605298"]
[EventCountry "GER"]
[EventRounds "7"]
[EventType "team-swiss"]
[EventDate "2003.10.18"]

1. d4 Nf6 2. Nf3 d6 3. h3 g6 4. Bf4 Bg7 5. e3 O-O 6. Be2 Nbd7 7. O-O c6 8. c3
Qc7 9. a4 a5 10. Na3 Re8 11. Qb3 Nb6 12. Ng5 Rf8 13. Nc4 Nfd5 14. Bh2 h6 15.
Ne4 Nxc4 16. Bxc4 Nb6 17. Be2 Bf5 18. Nd2 e5 19. Rfe1 Be6 20. Qc2 f5 21. Nb3
Qe7 22. c4 Nd7 23. c5 d5 24. Qc3 exd4 25. exd4 Qd8 26. Bf1 Re8 27. Rad1 Nf6 28.
Qg3 Kf7 29. Qc7+ Qxc7 30. Bxc7 Rec8 31. Bxa5 Ra6 32. Bxa6 bxa6 33. Re3 f4 34.
Re2 Bf5 35. Rde1 Bf8 36. f3 Nh5 37. Nc1 Ng3 38. Rd2 Bg7 39. Bc3 g5 40. Nd3 h5
41. Ne5+ Kf8 42. b4 1-0

[Event "Deutsche Ländermeisterschaft 2003"]
[Site "Kassel GER"]
[Date "2003.10.22"]
[Round "6"]
[White "Schäfer, Paul"]
[Black "Beckmann, Emanuel"]
[Result "0-1"]
[Termination "normal"]
[Board "4.5"]
[WhiteElo "1382"]
[BlackElo "1858"]
[WhiteTeam "Hessen 3"]
[BlackTeam "Nordrhein-Westfalen"]
[PlyCount "66"]
[WhiteFideId "24605360"]
[BlackFideId "24608025"]
[EventCountry "GER"]
[EventRounds "7"]
[EventType "team-swiss"]
[EventDate "2003.10.18"]

1. e4 c5 2. Nf3 e6 3. d4 cxd4 4. Nxd4 a6 5. Nc3 Nc6 6. Bc4 Qc7 7. O-O b5 8. Bb3
Bb7 9. Nxc6 dxc6 10. f3 Nf6 11. Be3 c5 12. a3 Bd6 13. h3 O-O 14. Ne2 Rfd8 15.
Qe1 Rd7 16. Kh1 Rad8 17. Rd1 c4 18. Ba2 Bc5 19. Rxd7 Rxd7 20. Qf2 Bxe3 21. Qxe3
h6 22. Qc1 Qd8 23. Nc3 e5 24. Kh2 Rd4 25. Ne2 Rd2 26. Nc3 Nh5 27. Rd1 Rd4 28.
Re1 Nf4 29. g3 Rd2+ 30. Kh1 Nxh3 31. Re2 Rxe2 32. Nxe2 Qb6 33. Qd2 Qf2 0-1

[Event "Deutsche Ländermeisterschaft 2003"]
[Site "Kassel GER"]
[Date "2003.10.22"]
[Round "6"]
[White "Hobusch, Alexander"]
[Black "Popovic, Nathalie"]
[Result "1-0"]
[Termination "normal"]
[Board "4.6"]
[WhiteElo "1771"]
[BlackElo "1409"]
[WhiteTeam "Nordrhein-Westfalen"]
[BlackTeam "Hessen 3"]
[PlyCount "60"]
[WhiteFideId "24611387"]
[BlackFideId "24630292"]
[EventCountry "GER"]
[EventRounds "7"]
[EventType "team-swiss"]
[EventDate "2003.10.18"]

1. d4 d5 2. Nf3 Nf6 3. c4 e6 4. Nc3 Be7 5. cxd5 exd5 6. Bg5 O-O 7. e3 Bg4 8.
Qb3 b6 9. Bxf6 Bxf6 10. Qxd5 c6 11. Qxd8 Rxd8 12. O-O-O h5 13. Bd3 Na6 14. Ne4
Be7 15. h3 Be6 16. a3 f6 17. Kd2 Rdc8 18. Rc1 c5 19. Bc4 Bxc4 20. Rxc4 b5 21.
Rc2 Rd8 22. Ke2 c4 23. Nc3 Rab8 24. Rhc1 b4 25. Nb1 bxa3 26. bxa3 Rdc8 27. Nfd2
Rb7 28. Rxc4 Rbc7 29. Rxc7 Rxc7 30. Rxc7 Nxc7 1-0

[Event "Deutsche Ländermeisterschaft 2003"]
[Site "Kassel GER"]
[Date "2003.10.22"]
[Round "6"]
[White "Wetzel, Carmen"]
[Black "Butschek, Tanja"]
[Result "0-1"]
[Termination "normal"]
[Board "4.7"]
[WhiteElo "1409"]
[BlackElo "1727"]
[WhiteTeam "Hessen 3"]
[BlackTeam "Nordrhein-Westfalen"]
[PlyCount "70"]
[BlackFideId "24604640"]
[EventCountry "GER"]
[EventRounds "7"]
[EventType "team-swiss"]
[EventDate "2003.10.18"]

1. e4 c6 2. d4 d5 3. exd5 cxd5 4. Bd3 Nc6 5. c3 Nf6 6. Bf4 e6 7. Nf3 Bd6 8. Ne5
Qc7 9. Qe2 O-O 10. Nd2 a6 11. Ndf3 b5 12. Qc2 h6 13. O-O Bb7 14. Rfe1 Rfc8 15.
Re3 b4 16. Rae1 bxc3 17. bxc3 Nb4 18. cxb4 Qxc2 19. Bxc2 Rxc2 20. a3 Ne4 21.
R3e2 Rc3 22. Re3 Rac8 23. h4 Rxe3 24. Rxe3 Rc2 25. Nd3 Bxf4 26. Nxf4 Nxf2 27.
Rb3 Ng4 28. Kf1 Bc6 29. g3 Bb5+ 30. Ke1 Bc4 31. Rb1 Rc3 32. Nd2 Rxg3 33. Kd1
Rxa3 34. Nxc4 dxc4 35. Kd2 c3+ 0-1

[Event "Deutsche Ländermeisterschaft 2003"]
[Site "Kassel GER"]
[Date "2003.10.22"]
[Round "6"]
[White "van Orsouw, Svenja"]
[Black "Schmucklermann, Alexandra"]
[Result "1-0"]
[Termination "normal"]
[Board "4.8"]
[WhiteElo "1313"]
[BlackElo "846"]
[WhiteTeam "Nordrhein-Westfalen"]
[BlackTeam "Hessen 3"]
[PlyCount "49"]
[WhiteFideId "24677124"]
[EventCountry "GER"]
[EventRounds "7"]
[EventType "team-swiss"]
[EventDate "2003.10.18"]

1. e4 c5 2. Nf3 Nc6 3. Bb5 Nf6 4. Nc3 Nd4 5. O-O g6 6. Nxd4 cxd4 7. Ne2 e5 8.
d3 Bg7 9. Bc4 O-O 10. f4 d6 11. h3 b6 12. c3 dxc3 13. Nxc3 Bb7 14. Bb3 Rc8 15.
Qf3 Qc7 16. Bd2 Rfd8 17. Rac1 Qd7 18. fxe5 dxe5 19. Bg5 Qxd3 20. Qxd3 Rxd3 21.
Bxf6 Bxf6 22. Rxf6 Rd2 23. Rxf7 Ba6 24. Rc7+ Kf8 25. Rxc8+ 1-0

[Event "Deutsche Ländermeisterschaft 2003"]
[Site "Kassel GER"]
[Date "2003.10.22"]
[Round "6"]
[White "Döhn, Raphael"]
[Black "Schaffer, Hendrik"]
[Result "0-1"]
[Termination "normal"]
[Board "5.1"]
[WhiteElo "2101"]
[BlackElo "2215"]
[WhiteTeam "Sachsen"]
[BlackTeam "Hessen 1"]
[PlyCount "96"]
[WhiteFideId "4695291"]
[BlackFideId "4663080"]
[EventCountry "GER"]
[EventRounds "7"]
[EventType "team-swiss"]
[EventDate "2003.10.18"]

1. d4 Nf6 2. c4 g6 3. Nc3 Bg7 4. e4 d6 5. Nf3 O-O 6. Be2 e5 7. Be3 exd4 8. Nxd4
Re8 9. f3 Nc6 10. Qd2 Nh5 11. Nxc6 bxc6 12. g4 Nf6 13. g5 Nd7 14. O-O-O Qe7 15.
h4 Nf8 16. h5 Be6 17. f4 Bf5 18. Bd4 Bxd4 19. Qxd4 c5 20. Qd2 Bxe4 21. Rhe1 Bc6
22. Bf3 Bxf3 23. Rxe7 Rxe7 24. Rf1 Bc6 25. hxg6 hxg6 26. Nd5 Bxd5 27. cxd5 Nh7
28. Rh1 f5 29. gxf6 Nxf6 30. Qg2 Rg7 31. Re1 Kh7 32. Re6 Rf8 33. Rxf6 Rxf6 34.
Qh3+ Kg8 35. Qc8+ Rf8 36. Qe6+ Kh8 37. Qh3+ Rh7 38. Qc3+ Kg8 39. Qg3 Rg7 40.
Qe3 Rf5 41. a4 Rgf7 42. Qd3 Kh7 43. Qh3+ Rh5 44. Qe6 Rhf5 45. a5 Rxf4 46. a6
Kg7 47. Kd2 Ra4 48. Qc8 Rd4+ 0-1

[Event "Deutsche Ländermeisterschaft 2003"]
[Site "Kassel GER"]
[Date "2003.10.22"]
[Round "6"]
[White "Bravo Lutz, Sebastian"]
[Black "Kürsten, Rüdiger"]
[Result "1/2-1/2"]
[Termination "normal"]
[Board "5.2"]
[WhiteElo "2186"]
[BlackElo "1989"]
[WhiteTeam "Hessen 1"]
[BlackTeam "Sachsen"]
[PlyCount "146"]
[WhiteFideId "4671082"]
[BlackFideId "24605816"]
[EventCountry "GER"]
[EventRounds "7"]
[EventType "team-swiss"]
[EventDate "2003.10.18"]

1. e4 e6 2. d3 c5 3. Nf3 Nc6 4. g3 d6 5. Bg2 g6 6. O-O Bg7 7. c3 Nge7 8. d4 O-O
9. dxc5 dxc5 10. Qe2 Qc7 11. Re1 e5 12. Na3 a6 13. Nc2 h6 14. Ne3 Be6 15. Nd2
Rad8 16. a4 f5 17. Bh3 Kh7 18. exf5 gxf5 19. Ne4 b6 20. Nd2 Bc8 21. Bg2 Bb7 22.
Ndc4 e4 23. g4 Ne5 24. Nxf5 Nxf5 25. Nxe5 Qxe5 26. gxf5 Rxf5 27. Bxe4 Qxe4 28.
Qxe4 Bxe4 29. Rxe4 Rd1+ 30. Kg2 Rf6 31. Rc4 Rg6+ 32. Kf3 Rgg1 33. a5 b5 34.
Rxc5 Rxc1 35. Rxc1 Rxc1 36. Rc6 Rc2 37. Rxa6 Rxb2 38. Rc6 Rb3 39. Ke4 Bxc3 40.
a6 Ra3 41. a7 b4 42. Rc7+ Bg7 43. Rb7 b3 44. Rxb3 Rxa7 45. Kf3 Bd4 46. Kg2 h5
47. Rf3 Kg6 48. Kf1 h4 49. h3 Ra1+ 50. Kg2 Be5 51. Rd3 Kf5 52. Rf3+ Bf4 53. Rb3
Ra7 54. Rb5+ Be5 55. Rb4 Bf6 56. Kf3 Ra3+ 57. Kg2 Rd3 58. Rb5+ Be5 59. Rb4 Bd4
60. Rb5+ Kg6 61. Rb8 Rd2 62. Rf8 Bf6 63. Rb8 Kf7 64. Rb7+ Ke6 65. Rb6+ Kf5 66.
Rb5+ Ke4 67. Rb3 Rd7 68. Re3+ Kd4 69. Kf3 Rg7 70. Re4+ Kd5 71. Rg4 Rxg4 72.
hxg4 Be5 73. Kg2 Ke6 1/2-1/2

[Event "Deutsche Ländermeisterschaft 2003"]
[Site "Kassel GER"]
[Date "2003.10.22"]
[Round "6"]
[White "Beltz, Franziska"]
[Black "Rohde, Torsten"]
[Result "0-1"]
[Termination "normal"]
[Board "5.3"]
[WhiteElo "1987"]
[BlackElo "2102"]
[WhiteTeam "Sachsen"]
[BlackTeam "Hessen 1"]
[PlyCount "62"]
[WhiteFideId "4681401"]
[BlackFideId "4665007"]
[EventCountry "GER"]
[EventRounds "7"]
[EventType "team-swiss"]
[EventDate "2003.10.18"]

1. e4 c5 2. Nf3 d6 3. d4 cxd4 4. Nxd4 Nf6 5. Nc3 g6 6. Be3 Bg7 7. f3 Nc6 8. Qd2
Bd7 9. O-O-O Rc8 10. Kb1 Ne5 11. g4 Qa5 12. Nb3 Qc7 13. g5 Nh5 14. f4 Nc4 15.
Bxc4 Qxc4 16. e5 Bg4 17. exd6 Rd8 18. Rde1 Rxd6 19. Qg2 Bf5 20. Bc5 Rd7 21.
Rxe7+ Rxe7 22. Bxe7 Kxe7 23. Qxb7+ Kf8 24. Rd1 Bxc3 25. bxc3 Kg7 26. Nd4 Bg4
27. Re1 Qc5 28. Ne6+ Bxe6 29. Rxe6 Rc8 30. Kc1 Rc7 31. Re5 Qg1+ 0-1

[Event "Deutsche Ländermeisterschaft 2003"]
[Site "Kassel GER"]
[Date "2003.10.22"]
[Round "6"]
[White "Sohl, Jan"]
[Black "Hartmann, Tom"]
[Result "1/2-1/2"]
[Termination "normal"]
[Board "5.4"]
[WhiteElo "1847"]
[BlackElo "2008"]
[WhiteTeam "Hessen 1"]
[BlackTeam "Sachsen"]
[PlyCount "88"]
[WhiteFideId "4698070"]
[BlackFideId "4695399"]
[EventCountry "GER"]
[EventRounds "7"]
[EventType "team-swiss"]
[EventDate "2003.10.18"]

1. e4 e5 2. Nf3 Nc6 3. Bb5 a6 4. Ba4 Nf6 5. O-O b5 6. Bb3 Be7 7. Re1 O-O 8. h3
d6 9. c3 Na5 10. Bc2 c5 11. d4 Qc7 12. Nbd2 Bd7 13. Nf1 Rfc8 14. Ne3 Nc6 15.
dxc5 dxc5 16. Nh2 Rd8 17. Qf3 Be6 18. Nhg4 Rd7 19. Nf5 Nxg4 20. hxg4 Qd8 21.
Qe3 Rc8 22. g3 c4 23. Kg2 f6 24. Rh1 Bc5 25. Qf3 Ne7 26. g5 Nxf5 27. exf5 Bd5
28. Be4 Bxe4 29. Qxe4 Rd3 30. g6 hxg6 31. fxg6 Qd5 32. Qxd5+ Rxd5 33. Rh7 Rc6
34. g4 e4 35. Rh5 Rd1 36. b3 e3 37. Bb2 Rxa1 38. Bxa1 e2 39. Rh1 Re6 40. Re1
Kf8 41. Kf3 f5 42. gxf5 Re5 43. Rxe2 Rxf5+ 44. Kg4 Rxf2 1/2-1/2

[Event "Deutsche Ländermeisterschaft 2003"]
[Site "Kassel GER"]
[Date "2003.10.22"]
[Round "6"]
[White "Beltz, Carmen"]
[Black "Wolk, Friederike"]
[Result "1/2-1/2"]
[Termination "normal"]
[Board "5.5"]
[WhiteElo "1752"]
[BlackElo "1997"]
[WhiteTeam "Sachsen"]
[BlackTeam "Hessen 1"]
[PlyCount "151"]
[WhiteFideId "24608726"]
[BlackFideId "4693400"]
[EventCountry "GER"]
[EventRounds "7"]
[EventType "team-swiss"]
[EventDate "2003.10.18"]

1. e4 c5 2. Nf3 Nc6 3. d4 cxd4 4. Nxd4 g6 5. Be3 Bg7 6. Nc3 Nf6 7. f3 O-O 8.
Bc4 Qb6 9. O-O Nxe4 10. Nd5 Qxb2 11. Rb1 Nc3 12. Rxb2 Nxd1 13. Rxd1 e6 14. Nc7
Rb8 15. Rbb1 Be5 16. Ncb5 a6 17. Nxc6 bxc6 18. Nd4 Rxb1 19. Rxb1 c5 20. Nb3 d5
21. Be2 c4 22. Nd4 Bc7 23. f4 Kg7 24. Kf2 f6 25. Ke1 e5 26. fxe5 fxe5 27. Nc6
Kf6 28. c3 Ke6 29. Bg4+ Kd6 30. Bxc8 Rxc8 31. Nb4 a5 32. Nc2 Kc6 33. Kd2 Rb8
34. Rxb8 Bxb8 35. a4 Bd6 36. Ne1 d4 37. cxd4 exd4 38. Bxd4 Bxh2 39. Kc3 Bd6 40.
Kxc4 Be7 41. Nf3 Bd8 42. Ne5+ Kb7 43. Kb5 Bf6 44. Kxa5 h5 45. Nf3 Bd8+ 46. Kb5
g5 47. Bf2 Be7 48. a5 Bd8 49. a6+ Ka8 50. Kc6 g4 51. Nh4 Bf6 52. Kd5 g3 53.
Bxg3 Ka7 54. Ke6 Bd8 55. Kf5 Kxa6 56. Kg6 Kb6 57. Kxh5 Kc6 58. Kg6 Kd7 59. Nf5
Ba5 60. Bf4 Ke6 61. g4 Bb6 62. Ng7+ Ke7 63. Kf5 Kf7 64. Ne6 Ba5 65. g5 Bc3 66.
g6+ Kg8 67. Be5 Bd2 68. Ng5 Bc1 69. g7 Bb2 70. Ne6 Bc1 71. Nf4 Kf7 72. Kg5 Bd2
73. Bf6 Bc1 74. Kf5 Bd2 75. Ne6 Bh6 76. Ng5+ 1/2-1/2

[Event "Deutsche Ländermeisterschaft 2003"]
[Site "Kassel GER"]
[Date "2003.10.22"]
[Round "6"]
[White "Brethauer, Sarah"]
[Black "Hänse, Felix"]
[Result "0-1"]
[Termination "normal"]
[Board "5.6"]
[WhiteElo "1889"]
[BlackElo "1735"]
[WhiteTeam "Hessen 1"]
[BlackTeam "Sachsen"]
[PlyCount "84"]
[WhiteFideId "24605220"]
[EventCountry "GER"]
[EventRounds "7"]
[EventType "team-swiss"]
[EventDate "2003.10.18"]

1. e4 c5 2. Nf3 e6 3. d4 cxd4 4. Nxd4 Nf6 5. Nc3 Nc6 6. Nxc6 bxc6 7. e5 Nd5 8.
Ne4 Qc7 9. f4 Qb6 10. a3 a5 11. c4 Ne3 12. Qd3 Nxf1 13. Rxf1 Bb7 14. Nd6+ Bxd6
15. Qxd6 Ba6 16. c5 Qb3 17. Rf2 Qc4 18. Be3 Qe4 19. Qd4 Qxd4 20. Bxd4 Ke7 21.
Rc1 Rab8 22. Rd2 h6 23. Bc3 g5 24. Rcd1 Rb7 25. Bxa5 gxf4 26. Bb4 Rg8 27. Rf2
Rg5 28. Bc3 Rb5 29. b4 Rb8 30. Rfd2 Rd8 31. Kf2 Bc4 32. g3 fxg3+ 33. hxg3 Bd5
34. Rg1 Ra8 35. Bb2 Rag8 36. Rd3 Rf5+ 37. Ke1 Rg4 38. Re3 h5 39. Rf1 Rfg5 40.
Rg1 h4 41. Bc3 h3 42. Re2 Re4 0-1

[Event "Deutsche Ländermeisterschaft 2003"]
[Site "Kassel GER"]
[Date "2003.10.22"]
[Round "6"]
[White "Dünzel, Jonas"]
[Black "Rafiee, Makan"]
[Result "0-1"]
[Termination "normal"]
[Board "5.7"]
[WhiteElo "1180"]
[BlackElo "1647"]
[WhiteTeam "Sachsen"]
[BlackTeam "Hessen 1"]
[PlyCount "112"]
[WhiteFideId "24631167"]
[BlackFideId "24609340"]
[EventCountry "GER"]
[EventRounds "7"]
[EventType "team-swiss"]
[EventDate "2003.10.18"]

1. e4 c5 2. Nf3 d6 3. d4 cxd4 4. Nxd4 Nf6 5. Nc3 a6 6. Be3 e5 7. Nb3 Be6 8. Bd3
Be7 9. f3 O-O 10. O-O Nc6 11. Qe2 d5 12. exd5 Nxd5 13. Nxd5 Bxd5 14. Bc4 Bxc4
15. Qxc4 Rc8 16. Qe2 Qc7 17. c3 Rcd8 18. Rad1 Rd6 19. Rd2 Rxd2 20. Nxd2 Rd8 21.
Nc4 Na5 22. Nxa5 Qxa5 23. b4 Qc7 24. Bd2 f6 25. a4 Qd7 26. Be3 Qxa4 27. Bb6 Rc8
28. Qd3 Qc6 29. Bf2 Qxc3 30. Qd5+ Kh8 31. Qxb7 Bxb4 32. Qxa6 Rf8 33. Qb5 h6 34.
Kh1 Qd2 35. Be1 Qxe1 36. Rxe1 Bxe1 37. Qe2 Bc3 38. g4 Rd8 39. Qd3 Bd4 40. h4
Rc8 41. Qd2 Rc3 42. Kg2 Rb3 43. Kg3 Rb2 44. Qa5 Kh7 45. Qa8 Re2 46. Qc8 Be3 47.
g5 Bf4+ 48. Kg4 Rg2+ 49. Kh3 Rg3+ 50. Kh2 Rxg5+ 51. Kh1 Rg3 52. Qf5+ Kg8 53.
Qe6+ Kf8 54. Qd6+ Kf7 55. Qd5+ Kg6 56. Qe4+ Kh5 0-1

[Event "Deutsche Ländermeisterschaft 2003"]
[Site "Kassel GER"]
[Date "2003.10.22"]
[Round "6"]
[White "Begeluri, Nino"]
[Black "Demmler, Julia"]
[Result "1/2-1/2"]
[Termination "normal"]
[Board "5.8"]
[WhiteElo "1125"]
[BlackElo "1156"]
[WhiteTeam "Hessen 1"]
[BlackTeam "Sachsen"]
[PlyCount "62"]
[EventCountry "GER"]
[EventRounds "7"]
[EventType "team-swiss"]
[EventDate "2003.10.18"]

1. e4 e5 2. Nf3 Nc6 3. Nc3 Nf6 4. Be2 Bc5 5. Nxe5 Nxe5 6. d4 Bd6 7. dxe5 Bxe5
8. O-O Bxc3 9. bxc3 Nxe4 10. Bf3 Nc5 11. Ba3 Ne6 12. Rb1 Rb8 13. Re1 d6 14. Qd4
O-O 15. Qxa7 Bd7 16. Bxb7 Re8 17. Bf3 Rxb1 18. Rxb1 Qe7 19. h3 Rc8 20. Qe3 Qe8
21. c4 Rb8 22. Rxb8 Qxb8 23. Qb3 Qa7 24. c3 g6 25. Bg4 h5 26. Bxe6 Bxe6 27. Qb4
Bxc4 28. Qxc4 Qxa3 29. Qxc7 Qxa2 30. Qxd6 Qa1+ 31. Kh2 Qxc3 1/2-1/2

[Event "Deutsche Ländermeisterschaft 2003"]
[Site "Kassel GER"]
[Date "2003.10.22"]
[Round "6"]
[White "Langrock, Hannes"]
[Black "Leisner, Hannes"]
[Result "1-0"]
[Termination "normal"]
[Board "6.1"]
[WhiteElo "2336"]
[BlackElo "1994"]
[WhiteTeam "Hamburg"]
[BlackTeam "Mecklenburg-Vorpommern"]
[PlyCount "55"]
[WhiteFideId "4655290"]
[BlackFideId "4692705"]
[EventCountry "GER"]
[EventRounds "7"]
[EventType "team-swiss"]
[EventDate "2003.10.18"]

1. e4 c5 2. c3 d6 3. d4 Nf6 4. Bd3 g6 5. Nf3 Bg7 6. O-O O-O 7. h3 Nc6 8. a3 e5
9. d5 Ne7 10. c4 Nh5 11. Nc3 h6 12. Re1 a6 13. Rb1 Qe8 14. b4 b6 15. Na4 Qd8
16. bxc5 bxc5 17. Nb6 Ra7 18. Nxc8 Qxc8 19. Bd2 Qc7 20. Bf1 Kh7 21. Bc3 Bh8 22.
Nd2 Ng7 23. Qb3 f5 24. f4 Nh5 25. fxe5 Bxe5 26. Bxe5 dxe5 27. Qb6 f4 28. Qxc7
1-0

[Event "Deutsche Ländermeisterschaft 2003"]
[Site "Kassel GER"]
[Date "2003.10.22"]
[Round "6"]
[White "Zentgraf, Robert"]
[Black "Buchheister, Benjamin"]
[Result "1/2-1/2"]
[Termination "normal"]
[Board "6.2"]
[WhiteElo "2083"]
[BlackElo "1881"]
[WhiteTeam "Mecklenburg-Vorpommern"]
[BlackTeam "Hamburg"]
[PlyCount "25"]
[WhiteFideId "4676483"]
[BlackFideId "24601934"]
[EventCountry "GER"]
[EventRounds "7"]
[EventType "team-swiss"]
[EventDate "2003.10.18"]

1. e4 e6 2. Nf3 d5 3. e5 c5 4. b4 b6 5. Bb2 cxb4 6. d4 Ba6 7. Bxa6 Nxa6 8. a3
Nh6 9. axb4 Nxb4 10. Ba3 Nf5 11. c3 Nc6 12. Bxf8 Kxf8 13. Qd3 1/2-1/2

[Event "Deutsche Ländermeisterschaft 2003"]
[Site "Kassel GER"]
[Date "2003.10.22"]
[Round "6"]
[White "Zollondz, Mark"]
[Black "Janotta, Steffi"]
[Result "1/2-1/2"]
[Termination "normal"]
[Board "6.3"]
[WhiteElo "1968"]
[BlackElo "1766"]
[WhiteTeam "Hamburg"]
[BlackTeam "Mecklenburg-Vorpommern"]
[PlyCount "74"]
[BlackFideId "4696344"]
[EventCountry "GER"]
[EventRounds "7"]
[EventType "team-swiss"]
[EventDate "2003.10.18"]

1. d4 d5 2. c4 e6 3. Nc3 Nf6 4. Bg5 c6 5. e3 Be7 6. cxd5 exd5 7. Qc2 Be6 8. Bd3
Nbd7 9. Nf3 O-O 10. O-O Rc8 11. Rab1 c5 12. dxc5 Bxc5 13. Bxh7+ Kh8 14. Bf5 Qa5
15. Rfd1 Bb4 16. Bxe6 fxe6 17. Nh4 Kg8 18. Ng6 Rf7 19. f3 Bxc3 20. bxc3 Rxc3
21. Qf2 Nf8 22. Bxf6 gxf6 23. Nxf8 Kxf8 24. Qh4 Qc7 25. Qh8+ Ke7 26. Qh4 b6 27.
Qe1 Qc5 28. Rb3 Rc2 29. Rd2 Qa5 30. Rbd3 Rxa2 31. Qe2 Rxd2 32. Rxd2 Qa1+ 33.
Kf2 Qe5 34. Qa6 Qc7 35. Qa3+ Ke8 36. Qa4+ Kf8 37. Rc2 Qb7 1/2-1/2